Unit 2 President Vocab Part 1 - Statistics

General Stats
  • This quiz has been taken 63 times
  • The average score is 12 of 15
Answer Stats
Hint Answer % Correct
when the president rejects a law this is called a veto
97%
Article __ outlines all the powers of the president (type the number) 2
94%
the 22nd amendment limits the president to __ terms in office (type the number) 2
94%
when you formally charge a president of wrongdoing it is the only way congress can remove a president from office impeachment
89%
when the president is in charge of the military they are called the commander in chief
86%
JD Vance is the __ or government position that presides over the senate and only votes if there is a tie vice president
86%
how many votes do you need to win the electoral college? (type the number) 270
83%
the __ refers to the group of people who help the president do their job cabinet
83%
true or false you can still become president if you lose the popular vote but win the electoral college true
83%
If Virginia has 11 representatives and 2 senators Virginia has __ electoral college votes (type the number) 13
81%
the group of people who pick the president after the popular vote is determined is called the electoral college
81%
the speech gives congress every year where he talks about his agenda and tells us how the country is doing state of the union
75%
when the president uses the media to appeal to the people directly is called the __ bully pulpit
69%
when you get the popular vote in a state you get all the electoral college votes this is called the __ system winner take all
61%
when the president works overseas in foreign policy with the leaders of other countries this is called being the chief __ diplomat
58%
No matching quizzes found
Score Distribution
Percent of People with Each Score
Percentile by Number Answered
Your Score History
You have not taken this quiz